| 000 | 01225nam a2200385 c 4500 | ||
|---|---|---|---|
| 999 |
_c47350 _d47350 |
||
| 001 | 47350 | ||
| 003 | ES-MaCES | ||
| 005 | 20190510040008.0 | ||
| 008 | 160407s2016 sp 000 | spa d | ||
| 017 |
_aAB 71-2016 _bDL |
||
| 020 | _a9788416608218 | ||
| 040 |
_aES-MaCES _bspa _cES-MaCES |
||
| 100 | 1 |
_921375 _aPreciado Domènech, Carlos Hugo |
|
| 245 | 1 | 0 |
_aIgualdad y no discriminación en el Derecho de la Unión Europea _cCarlos Hugo Preciado Domènech |
| 250 | _a1ª ed | ||
| 260 |
_aAlbacete _bBomarzo _c2016 |
||
| 300 |
_a273 p. _c24 cm |
||
| 490 | 1 | _aColeccion Estudios | |
| 500 | _aÍndice de Jurisprudencia: p. 263-267 | ||
| 504 | _aBibliografía: p. 269-273 | ||
| 541 | _cCompra | ||
| 650 | 4 |
_aigualdad de trato _930147 |
|
| 650 | 4 |
_aigualdad de oportunidades _927183 |
|
| 650 | 4 |
_adiscriminación _927180 |
|
| 650 | 4 |
_aUE _926752 |
|
| 650 | 4 |
_aderecho comunitario _929866 |
|
| 650 | 4 |
_adoctrina jurídica _930888 |
|
| 650 | 4 |
_aTribunal de Justicia CE _929490 |
|
| 650 | 4 |
_ajurisprudencia _928624 |
|
| 650 | 4 |
_arégimen jurídico _929894 |
|
| 653 | 1 | 0 | _aDerecho comunitario |
| 830 | 0 |
_aColección Estudios (Editorial Bomarzo) _939568 |
|
| 902 | _aLIB Libro | ||
| 942 |
_2CES _cBK _h6.0.5. |
||